Standarty po lokaľnym vyčisliteľnym setjam /

Enregistré dans:
Détails bibliographiques
Auteurs principaux: Ščerbo, Vladimir (Auteur), Kirejčev, Valerij M (Auteur), Samojlenko, Stanislav Ivanovič (Auteur)
Format: Livre
Langue:russe
Publié: Moskva : Radio i svjaz, 1990
Sujets:
Tags: Ajouter un tag
Pas de tags, Soyez le premier à ajouter un tag!

MARC

LEADER 00000nam a22000003a 4500
001 stu42876
005 20150617225720.7
008 940524s1990----xxr-----------------rus-d
040 |a STU  |b slo 
041 0 |a rus 
044 |a xxr 
080 |a 681.324 
100 1 |a Ščerbo, Vladimir  |4 aut 
245 1 |a Standarty po lokaľnym vyčisliteľnym setjam /  |c [aut.]Vladimir Ščerbo, Valerij M. Kirejčev, Stanislav I. Samojlenko 
260 |a Moskva :  |b Radio i svjaz,  |c 1990 
300 |a 301 s 
650 7 |a Siete počítačové lokálne  |2 stusub 
700 1 |a Kirejčev, Valerij M  |4 aut 
700 1 |a Samojlenko, Stanislav Ivanovič  |4 aut 
996 |b 284M055341  |c M*7551-1  |l MMKN  |s A  |a 24  |w stu42876_0001